Normal view
MARC view
Entry Personal Name
001 - CONTROL NUMBER
- control field: 21934
003 - CONTROL NUMBER IDENTIFIER
- control field: ARRUPE
005 - DATE AND TIME OF LATEST TRANSACTION
- control field: 20160128153138.0
008 - FIXED-LENGTH DATA ELEMENTS
- fixed length control field: 160128|| aca||aabn | a|a d
040 ## - CATALOGING SOURCE
- Original cataloging agency: ARRUPE
- Transcribing agency: ARRUPE
100 ## - HEADING--PERSONAL NAME
- Personal name: Schuman, Frederick L.
- Fuller form of name: (Frederick Lewis),
- Dates associated with a name: 1904-1981.
670 ## - SOURCE DATA FOUND
- Source citation: Work cat.: (ARRUPE)0: Schuman, Frederick L. (Frederick Lewis), 1904-1981., Hitler and the Nazi dictatorship;, 1936.